000 00597nam a2200229Ia 4500
003 OSt
005 20220928105242.0
006 a|||||r|||| 00| 0
007 ta
008 220927b |||||||| |||| 00| 0 eng d
024 _a36256
037 _cTextual
040 _aSDCL
_cSDCL
_beng
041 _2eng
_aeng
082 _aO152,3N472:g, P8
100 _aKashid Girish Ed.
_9414520
245 0 _aKathakar Sanjeev.
260 _aDelhi
_bShipayan
_c2008
300 _a343p.
_ccm.
942 _hO152,3N472:g, P8
_cTEXL
_2CC
999 _c730356
_d730356